Ideas y propuestas para la educación argentina /

Guardado en:
Formato: Libro
Publicado: Buenos Aires : De Belgrano, 1989
Materias:
Etiquetas: Agregar Etiqueta
Sin Etiquetas, Sea el primero en etiquetar este registro!
LEADER 01068nam a22001935a 4500
001 CEM.cems007097
005 20060214000000.0
008 130507s1989##################000#0#####d
003 CEMS
082 0 4 |a 370.982 
245 0 0 |a Ideas y propuestas para la educación argentina / 
260 |a Buenos Aires :  |b De Belgrano,  |c 1989 
300 |a 449 p. 
505 0 |a ...La democracia y el pluralismo en la educaci¢n argentina, por H'ctor F. Bravo.- Las exigencias de la democracia, autonom¡a y pluralismo, por Fernando J. Storni...Educaci¢n y estructura ocupaciónal, por Juan C. Agulla...Propuesta para una revisi¢n de la estructura del sistema educativo, por Gilda Lamarque de Romero, Brest... Evaluaci¢n educaciónal, por Mar¡a C. Agudo de C¢rsico.- La investigaci¢n educaciónal: su naturaleza y su relaci¢n con la innovaci¢n y el cambio, por Mar¡a C. Agudo de C¢rsico.- 
653 |a Educacion 
653 |a Educacion argentina 
653 |a Educacion y democracia 
653 |a Educacion y trabajo 
859 |a CEMS  |b BIB. CEMS - 11 de abril  |h 370.982  |i Ar37-4  |p 16856.93  |t Ej.1